000 03009cgm a2200697Ia 4500
003 data
005 20260322212046.0
007 data
008 data
020 _a1435980824
020 _a9781435980822
024 1 _a043396321403
028 4 2 _a32140
_bSony Pictures Home Entertainment
037 _bMidwest Tape
_nhttp://www.midwesttapes.com
040 _aTEFMT
_cTEFMT
_dVP@
_dUPZ
_dTOL
_dIXA
_dVP@
041 1 _aeng
_jeng
_heng
050 1 4 _aPN1997.2
_b.H33 2010
082 0 4 _a791.43/72
_222
099 _aDVD 887
245 1 0 _aHachi
_h[videorecording] :
_ba dog's tale /
_cVicki Shigekuni Wong ... [et al.].
246 3 _aHachi, a dog's tale.
260 _aCulver City, Calif. :
_bSony Pictures Home Entertainment,
_c[2010]
300 _a1 videodisc (ca. 93 min.) :
_bsd., col. ;
_c4 3/4 in.
500 _aTitle from container.
500 _aOriginally released as a motion picture in 2009.
500 _aSpecial features: "A bond of loyalty: the making of Hachi: a dog's tale" featurette.
508 _aDirector of photography, Ron Fortunato ; editor, Kristina Boden ; music, Jan A.P. Kaczmarek.
511 1 _aRichard Gere, Joan Allen, Sarah Roemer, Cary-Hiroyuki Tagawa, Erick Avari, Jason Alexander.
520 _aThe heartwarming true story of a loyal dog named Hachiko. This very special friend would accompany his master to the train station everyday and return each afternoon to greet him after work. Even after his master passed away, he continued to return to the same spot at the station every day for the next nine years to wait for his beloved master. During his daily visits he touched many lives and taught the local people about love, compassion, and above all unyielding loyalty.
521 8 _aMPAA rating: G.
538 _aDVD, region 1, anamorphic widescreen (1.85:1) presentation; Dolby Digital 5.1 surround.
540 _aThis DVD disc is copy protected.
546 _aEnglish subtitles for the deaf and hard of hearing.
650 0 _aHachiko (Dog)
_vDrama.
650 0 _aDogs
_xBehavior
_vDrama.
650 0 _aRailroad stations
_vDrama.
650 0 _aHuman-animal relationships
_vDrama.
650 0 _aLoyalty
_vDrama.
655 0 _aFeature films.
655 0 _aMelodramas (Motion pictures)
655 0 _aAnimal films.
655 0 _aVideo recordings for the hearing impaired.
700 1 _aShigekuni Wong, Vicki.
700 1 _aJohnson, Bill.
700 1 _aGere, Richard,
_d1949-
700 1 _aLindsey, Stephen P.
700 1 _aHallström, Lasse.
700 1 _aAllen, Joan,
_d1956-
700 1 _aRoemer, Sarah.
700 1 _aTagawa, Cary-Hiroyuki.
700 1 _aAvari, Erick,
_d1952-
700 1 _aAlexander, Jason,
_d1959-
700 1 _aKaczmarek, Jan A. P.
710 2 _aStage 6 Films.
710 2 _aInferno Distribution (Firm)
710 2 _aHachiko, LLC.
710 2 _aGrand Army Entertainment, LLC.
710 2 _aOpperman Viner Chrystyn Entertainment (Firm)
710 2 _aSony Pictures Home Entertainment (Firm)
001 data
999 _c1078
_d1078